000 01590nam a22004577a 4500
003 OSt
005 20230525131933.0
008 221006b |||||||| |||| 00| 0 eng d
040 _cBiblioteca Lado V
082 _a709.05
_bF593u
100 _9832
_aFlecha, Mario
_eeditor
245 _aUntitled/
_bContemporary Art/
260 _bArts Councill England
_c2003
_aLondres
300 _c21x28cm
_a74p.
366 _eeng
490 _a30
_v2003
_x0969-9716
505 _aI don't want people to feel alone in this world
505 _aAfghan Diary
505 _aProphetic Extremism
505 _aThe Garden
505 _aTrocadero Social Form
505 _aPuerto Rico 02
505 _aThe Centre is Everywhere
505 _aAnnika Strom
505 _athe Venice Bienniale: The Dictatorship of the viewer?
505 _aTomas Vanek: Creative Routine
505 _aFrom left to right
505 _aGiles Perry
505 _aReviews
650 _2Tesauro de Arte & Arquitectura
_aARTE
_9703
650 _2Tesauro de Arte & Arquitectura
_aPINTURA
650 _2Tesauro de Arte & Arquitectura
_aFOTOGRAFIA
_9702
650 _2Tesauro de Arte & Arquitectura
_aENTREVISTAS
650 _2Tesauro de Arte & Arquitectura
_aMISCELANEA
650 _2Tesauro de Arte & Arquitectura
_aPROYECTOS DE ARTE
650 _2Tesauro de Arte & Arquitectura
_aINGLES
650 _2Tesauro de Arte & Arquitectura
_aARTE CONTEMPORANEO
651 _2Tesauro de Arte & Arquitectura
_aLONDRES
700 _aPlender, Olivia
_eEditora
942 _2ddc
_c1
_h709.05
_iF593u
_n0
999 _c3748
_d3748